| 000 | 00504nam a2200181Ia 4500 | ||
|---|---|---|---|
| 005 | 20250508152954.0 | ||
| 008 | 008 250505s9999 xx 000 0 hin d | ||
| 037 | _aTextual | ||
| 040 |
_aFEDL _beng _cFEDL |
||
| 041 |
_ahin _2eng |
||
| 084 |
_a491.478, DYA _qFEDL |
||
| 100 |
_aDyanand Narayan Swami _9762894 |
||
| 245 | 0 | _aHindi gujrati pravesh | |
| 260 |
_aDelhi, India _bHindi Sahitya Sansar _c1956 |
||
| 300 | _a103p. | ||
| 942 |
_cTEXL _h491.478, DYA |
||
| 999 |
_c1339922 _d1339922 |
||